Central Library OPAC University of Rajshahi

Psychology for our times / (Record no. 67824)

MARC details
000 -LEADER
fixed length control field 00698nam a2200241 a 4500
001 - CONTROL NUMBER
control field 67824
003 - CONTROL NUMBER IDENTIFIER
rucl marc code BD-RjUL
005 - DATE AND TIME OF LATEST TRANSACTION
control field 20211209081710.0
008 - FIXED-LENGTH DATA ELEMENTS--GENERAL INFORMATION
fixed length control field 170329s1977 iluad||| |||| 000 0 eng d
035 ## - SYSTEM CONTROL NUMBER
System control number (BD-RjUL)68033
040 ## - CATALOGING SOURCE
Original cataloging agency BD-RjUL
Language of cataloging eng
Transcribing agency BD-RjUL
041 ## - LANGUAGE CODE
Language code of text/sound track or separate title eng
082 ## - DEWEY DECIMAL CLASSIFICATION NUMBER
Edition number 23
Classification number 150.8
Author mark and year ZIP 1977
100 1# - MAIN ENTRY--PERSONAL NAME
Personal name Zimbardo, Philip G
9 (RLIN) 201070
245 10 - TITLE STATEMENT
Title Psychology for our times /
Statement of responsibility, etc. Philip G Zimbardo; Christina Maslach.
250 ## - EDITION STATEMENT
Edition statement 2nd ed.
260 ## - PUBLICATION, DISTRIBUTION, ETC. (IMPRINT)
Place of publication, distribution, etc. Glenview, Illinois :
Name of publisher, distributor, etc. Scott, Foresman and Company,
Date of publication, distribution, etc. 1977.
300 ## - PHYSICAL DESCRIPTION
Pagination 424 p. :
Illustrations il. ;
Size 26 cm.
490 ## - SERIES STATEMENT
Series statement Readings.
650 ## - SUBJECT ADDED ENTRY--TOPICAL TERM
Topical term or geographic name as entry element Behavior (Psychology)
9 (RLIN) 201071
830 ## - SERIES ADDED ENTRY--UNIFORM TITLE
Uniform title Readings.
942 ## - ADDED ENTRY ELEMENTS (KOHA)
Source of classification or shelving scheme Dewey Decimal Classification
Koha item type Books
Holdings
Lost status Source of classification or shelving scheme Damaged status Not for loan Collection code Permanent Location Current Location Shelving location Date acquired Source of acquisition Cost, normal purchase price Total Checkouts Full call number Date last seen Copy number Koha item type
  Dewey Decimal Classification   Not For Loan Non-fiction Central Library, University of Rajshahi Central Library, University of Rajshahi Reading Room 29/06/1989 Asia Foundation, Dhaka. 0.00   150.8 ZIP 1977 29/03/2017 C-1 Books